Umělecká beseda : vědomí o člověku : sochy, kresby : Západočeská galerie v Plzni, výstavní síň Masné krámy, 26. června - 26. srpna 2007 = awareness of man : sculptures, drawings : West Bohemian Gallery, Plzeň, Masné krámy exhibition hall, 26th June - 26th August 2007 /

Corporate Author: Západočeská galerie (Plzeň, Česko)
Other Authors: Drury, Richard, 1967-
Language: Czech
English
Published: V Plzni : Západočeská galerie, 2007
Subjects:
Physical Description: [76] s. : il. (převážně barev.) ; 24 cm
Language note: Souběžný anglický text
Book
Saved in:
LEADER 02259nam a2200565 a 4500
001 nkc20071758336
003 CZ PrNK
005 20071211084727.0
007 ta
008 071011s2007 xr a e c 000 0dcze
015 |a cnb001758336 
020 |a 978-80-86415-52-9  |q (brož.) 
035 |a (OCoLC)190753726 
040 |a BOA001  |b cze  |d ABA001 
041 1 |a cze  |a eng  |h cze 
043 |a e-xr--- 
045 |a x7y0 
072 7 |a 72/76  |x Výtvarné umění  |2 Konspekt  |9 21 
080 |a 72/76:061.2  |2 MRF 
080 |a 741/744(437.3)  |2 MRF 
080 |a 730(437.3)  |2 MRF 
080 |a 7.036/.038  |2 MRF 
080 |a (437.3)  |2 MRF 
080 |a (083.824)  |2 MRF 
245 0 0 |a Umělecká beseda :  |b vědomí o člověku : sochy, kresby : Západočeská galerie v Plzni, výstavní síň Masné krámy, 26. června - 26. srpna 2007 = awareness of man : sculptures, drawings : West Bohemian Gallery, Plzeň, Masné krámy exhibition hall, 26th June - 26th August 2007 /  |c [úvodní text Richard Drury] 
246 3 0 |a Vědomí o člověku 
246 3 0 |a Awareness of man 
260 |a V Plzni :  |b Západočeská galerie,  |c 2007 
300 |a [76] s. :  |b il. (převážně barev.) ;  |c 24 cm 
500 |a 500 výt. 
546 |a Souběžný anglický text 
610 2 7 |a Umělecká beseda (spolek)  |7 ko2003186696  |2 czenas 
648 7 |a 20.-21. století  |7 ch462155  |2 czenas 
650 0 7 |a umělecké spolky  |7 ph225451  |z Česko  |2 czenas 
650 0 7 |a česká kresba  |7 ph116857  |y 20.-21. stol.  |2 czenas 
650 0 7 |a české sochařství  |7 ph128152  |y 20.-21. stol.  |2 czenas 
650 0 7 |a moderní umění  |7 ph115340  |z Česko  |2 czenas 
650 0 9 |a art associations  |z Czechia  |2 eczenas 
650 0 9 |a Czech drawing  |y 20th-21st centuries  |2 eczenas 
650 0 9 |a Czech sculpture  |y 20th-21st centuries  |2 eczenas 
650 0 9 |a modern art  |z Czechia  |2 eczenas 
655 7 |a katalogy výstav  |7 fd132536  |2 czenas 
655 9 |a exhibition catalogs  |2 eczenas 
700 1 |a Drury, Richard,  |d 1967-  |7 jx20041007010  |4 wfw 
710 2 |a Západočeská galerie (Plzeň, Česko)  |7 kn20010709207 
910 2 |a BOA001  |b 2-1193.147 
990 |a BK 
995 |a 01 
991 |b 200710  |c NOV 
996 6 |b 2610322967  |c 2-1193.147  |l MZK  |r Sklad / do 1 hodiny  |n 4  |p p.v.  |w 000870033  |u 000010  |a 1  |e BOA001  |j MZK50  |s P